Fr. Conceicao Rodrigues College of Engineering

Interactive Graphics For Computer Aided Design (Record no. 18351)

MARC details
000 -LEADER
fixed length control field 00306nam a2200133Ia 4500
082 ## - DEWEY DECIMAL CLASSIFICATION NUMBER
Classification number 604.2
100 ## - MAIN ENTRY--PERSONAL NAME
Personal name Prince/M.D
245 ## - TITLE STATEMENT
Title Interactive Graphics For Computer Aided Design
260 ## - PUBLICATION, DISTRIBUTION, ETC.
Name of publisher, distributor, etc. ADDISON WESLEY
Date of publication, distribution, etc. 1962
300 ## - PHYSICAL DESCRIPTION
Extent 301
546 ## - LANGUAGE NOTE
Language note ENGLISH
654 ## - SUBJECT ADDED ENTRY--FACETED TOPICAL TERMS
Focus term Computer Aided Design
942 ## - ADDED ENTRY ELEMENTS (KOHA)
Koha item type BOOK
Holdings
Withdrawn status Lost status Damaged status Not for loan Collection Home library Current library Date acquired Cost, normal purchase price Inventory number Total Checkouts Full call number Barcode Date last seen Cost, replacement price Price effective from Koha item type
        AFT Fr. Agnel's C.Rodrigues College of Engineering Fr. Agnel's C.Rodrigues College of Engineering 17/03/2023 164.42 IBL:6727   604.2 AFT1874 17/03/2023 164.42 17/03/2023 BOOK